[Event "CHN-ch sf"]
[Site "Hefei"]
[Date "2023.04.28"]
[Round "11"]
[White "Yan, Linhao"]
[Black "Gao, Kai"]
[Result "1/2-1/2"]
[WhiteElo "1449"]
[BlackElo "1885"]
[PlyCount "58"]
[EventDate "2023.04.23"]
[EventType "swiss"]
[EventRounds "11"]
[EventCountry "CHN"]
[SourceTitle "CBM 214 Extra"]
[Source "ChessBase"]
[SourceDate "2023.07.31"]
[SourceVersion "1"]
[SourceVersionDate "2023.07.31"]
[SourceQuality "1"]

1. d4 d5 2. c4 e6 3. Nc3 Nf6 4. Bg5 Be7 5. e3 h6 6. Bh4 b6 7. cxd5 Nxd5 8. Bxe7 Qxe7 9. Nf3 0-0 10. Bd3 Nd7 11. 0-0 N7f6 12. Qe2 Nxc3 13. bxc3 c5 14. a4 cxd4 15. cxd4 Bb7 16. a5 Nd5 17. Ne5 Rac8 18. axb6 axb6 19. Rfc1 Rc7 20. Qb2 Rfc8 21. h3 Qb4 22. Qxb4 Rxc1+ 23. Qe1 Rxe1+ 24. Rxe1 Rc3 25. Bc4 Nc7 26. Ba2 b5 27. Nd7 Na6 28. Rb1 b4 29. Nc5 Nxc5 1/2-1/2